| 000 | 00743nam a2200253Ia 4500 | ||
|---|---|---|---|
| 003 | OSt | ||
| 005 | 20220918174040.0 | ||
| 006 | a|||||r|||| 00| 0 | ||
| 007 | ta | ||
| 008 | 220917b |||||||| |||| 00| 0 eng d | ||
| 024 | _a10,189 | ||
| 037 | _cTextual | ||
| 040 |
_aARTS _cARTS _beng |
||
| 041 |
_2eng _aeng |
||
| 082 | _aQ7:33x:g (V:191), L5 | ||
| 100 |
_aIqbal Afzal _948910 |
||
| 245 | 0 |
_aProphet's diplomacy _b the art of negotiation as conceived and developed by the prophet of Islam |
|
| 260 |
_aMassachusetts _bClaude Stark _c1975 |
||
| 300 |
_axxxiii,142p. _ccm. |
||
| 500 | _aBib 138-39p | ||
| 650 | _aRELIGION | ||
| 942 |
_hQ7:33x:g (V:191), L5 _cTEXL _2CC |
||
| 999 |
_c151563 _d151563 |
||